Statistics for Chicago-Midway International Airport Destinations

Click here to take the quiz!

General Stats

  • This quiz has been taken 220 times
  • The average score is 26 of 78

Answer Stats

AirlineCity% Correct
Delta Airlines, SouthwestAtlanta
80%
Delta Airlines, Delta Connection, SouthwestDetroit
74%
SouthwestLos Angeles
74%
Delta Connection, SouthwestMinneapolis/St. Paul
70%
SouthwestOrlando
69%
SouthwestDenver
68%
SouthwestSeattle/Tacoma
68%
SouthwestBoston
65%
SouthwestTampa
64%
SouthwestSan Francisco
63%
SouthwestSan Diego
62%
SouthwestPhiladelphia
59%
SouthwestCleveland
57%
SouthwestLas Vegas
57%
SouthwestNewark
56%
SouthwestAustin
55%
SouthwestSt. Louis
55%
SouthwestBaltimore
54%
SouthwestNew Orleans
54%
SouthwestNashville
53%
SouthwestOakland
52%
SouthwestCharlotte
50%
SouthwestCincinnati
50%
SouthwestFort Lauderdale
50%
SouthwestKansas City
50%
SouthwestPittsburgh
50%
SouthwestSalt Lake City
49%
SouthwestMemphis
46%
SouthwestSan Antonio
45%
SouthwestCancún
44%
SouthwestOklahoma City
43%
SouthwestIndianapolis
42%
SouthwestSacramento
39%
SouthwestLouisville
38%
SouthwestOmaha
38%
SouthwestRaleigh/Durham
38%
SouthwestDallas-Love
37%
SouthwestBuffalo
34%
SouthwestFort Myers
34%
SouthwestHouston-Hobby
34%
SouthwestAlbuquerque
33%
SouthwestReno/Tahoe
33%
SouthwestAlbany
28%
SouthwestGrand Rapids
28%
SouthwestBurbank
26%
SouthwestBoise
24%
SouthwestTucson
24%
SouthwestHartford
23%
SouthwestProvidence
23%
VolarisGuadalajara
22%
SouthwestOntario
22%
SouthwestNew York- LaGuardia
21%
SouthwestNorfolk
21%
SouthwestSan Juan
14%
SouthwestSpokane
14%
SouthwestWest Palm Beach
13%
SouthwestSan José del Cabo
12%
SouthwestWashington-National
12%
VolarisLeón/Del Bajío
11%
SouthwestPensacola
11%
Porter AirlinesToronto–Billy Bishop
10%
SouthwestMontego Bay
7%
SouthwestPortland (OR)
7%
SouthwestPunta Cana
7%
SouthwestColumbus-Glenn
6%
VolarisDurango
6%
VolarisQuerétaro
5%
VolarisMorelia
3%
SouthwestPortland (ME)
3%
SouthwestSan Jose (CA)
3%
VolarisZacatecas
3%
SouthwestCharleston (SC)
2%
SouthwestJacksonville (FL)
2%
SouthwestManchester (NH)
2%
SouthwestPhoenix-Sky Harbour
2%
SouthwestBirmingham (AL)
1%
Ultimate Air ShuttleCincinnati–Lunken
1%
Ultimate Air ShuttleManistee
1%

Score Distribution

Percentile by Number Answered

Percent of People with Each Score

Your Score History

You have not taken this quiz